| 000 | 005540000a22001810004500 | ||
|---|---|---|---|
| 003 | MACL | ||
| 005 | 20160410122014.0 | ||
| 008 | 160410b xxu||||| |||| 00| 0 eng d | ||
| 040 |
_aMACL _cMACL |
||
| 041 | _aHindi | ||
| 082 | _a370 | ||
| 100 |
_aमिश्र भारतेन्दु _951636 |
||
| 245 | _aबढती जनसंख्या और शिक्षा | ||
| 260 |
_bविक्रम प्रकाशन _c2001 _aनई दिल्ली |
||
| 350 | _a125 | ||
| 650 |
_aEducation _951637 |
||
| 942 |
_cHIN _k370 _2ddc |
||
| 999 |
_c9463 _d9463 |
||